LEADER 01106nam a2200277 i 4500 001 000000069819 003 CaOOAMICUS 005 20100224000000.0 008 100224s1998 it u000 u ita u 013 $a40991 020 $a88-04-46055-5 040 $aSeMil$bita 100 1 $aMaggiolini, Alessandro .$0(OLS)http://semarc/name/7299 245 10$aPreghiere della gente :$bdevozioni popolari /$cmons. Alessandro Maggiolini. 260 $aMilano :$bMondadori,$ccopyr. 1998. 300 $a564 p. ;$c20 cm. 490 0 $aOscar varia 500 $aContiene : Bibliografia semiseria. 650 4$aPreghiere - Testi.$0(OLS)http://semarc/subject/6541 830 0$aOscar varia.$0(OLS)http://semarc/title/22930 850 $aSeMil 852 $aSeMil$W1$xVenegono$y1$m3F V 164$j35972$B35972$CSeMilBibl$Z2$F35975 $81 961 $aOmaggio: Donazione 996 $6020$a88-04-46055-5$9(OLS)http://semarc/number/48449 996 $6245$aPreghiere della gente :$bdevozioni popolari$9(OLS)http://semarc/title/111882 996 $6260$aMilano :$bMondadori$9(OLS)http://semarc/publisher/30335 LEADER 01299nam a2200265 i 4500 001 000000001058 003 CaOOAMICUS 005 20180830125434.0 008 180830s1973 it u000 u ita u 040 $aSeMil$bita 100 1 $aPopper, Karl Raimund,$d<1902-1994>.$0(OLS)http://semarc/name/924 240 14$aThe open society and its enemies.$0(OLS)http://semarc/title/1703 245 13$aLa società aperta e i suoi nemici /$cKarl R. Popper. 260 $aRoma :$bArmando,$ccopyr 1973-copyr 1974. 300 $a2 v. ;$c22 cm. 500 $aFondo Ciprandi. 650 4$aFilosofia politica.$0(OLS)http://semarc/subject/358 650 4$aDemocrazia.$0(OLS)http://semarc/subject/359 650 4$aPopper, Karl Raimund <1902-1994> - Opere.$0(OLS)http://semarc/subject/360 773 0 $tFilosofia e problemi d'oggi.$dRoma : Armando, [197.]$w()10530 774 0 $aPopper, Karl Raimund <1902-1994>$tPlatone totalitario.$dRoma : Armando, 1973.$kFilosofia e problemi d'oggi$gVolume1$w()51306 774 0 $aPopper, Karl Raimund <1902-1994>$tHegel e Marx falsi profeti.$dRoma : Armando, 1974.$kFilosofia e problemi d'oggi$gVolume2$w()101297 941 1 $a1 996 $6245$aLa società aperta e i suoi nemici$9(OLS)http://semarc/title/1702 996 $6260$aRoma :$bArmando$9(OLS)http://semarc/publisher/29857